Thebes, the glory of a great past : a little book for everybody.

محفوظ في:

التنسيق: كتاب

اللغة: English

منشور في: London : G. Allen & Unwin, [1926].

الموضوعات:

الوسوم: إضافة وسم

لا توجد وسوم, كن أول من يضع وسما على هذه التسجيلة!

رقم الطلب: ( P )DT73 .T3 C25 1926

LEADER 00827nam a2200193Ia 4500
003 OSt
005 20240708111147.0
008 880314s1926 enka 000 0 eng d
952 |0 0  |1 0  |2 lcc  |4 0  |7 1  |9 43806  |a ARCE  |b ARCE  |d 2022-11-24  |l 0  |o ( P )DT73 .T3 C25 1926  |p 1020935  |r 2022-11-24 00:00:00  |w 2022-11-24  |y BK 
999 |c 50263  |d 50263 
040 |c ARCE Library 
050 4 |a ( P )DT73 .T3 C25 1926 
245 0 0 |a Thebes, the glory of a great past :   |b a little book for everybody. 
264 1 |a London :   |b G. Allen & Unwin,   |c [1926]. 
300 |a 26 + [1] p. :   |b incl. 24 ill. & front., 21 pl ;   |c 23 cm. 
500 |a Illustrations are borrowed from Thebes, the glory of a great past, by Jean Capart, in collaboration with Marcelle Werbrouck, 1926. 
650 0 |a Archaeology -- Egypt -- Thebes (Extinct city). 
901 |a reviewed 
942 |2 lcc  |c BK